Rethinking Dwelling: Heidegger, Place, Architecture / (Record no. 8587)

MARC details
000 -LEADER
fixed length control field 00631nam a22001817a 4500
003 - CONTROL NUMBER IDENTIFIER
control field OSt
005 - DATE AND TIME OF LATEST TRANSACTION
control field 20260308122124.0
008 - FIXED-LENGTH DATA ELEMENTS--GENERAL INFORMATION
fixed length control field 260308b |||||||| |||| 00| 0 eng d
020 ## - INTERNATIONAL STANDARD BOOK NUMBER
International Standard Book Number 9781350253148
040 ## - CATALOGING SOURCE
Transcribing agency n
082 ## - DEWEY DECIMAL CLASSIFICATION NUMBER
Classification number 720.1 M34 2023
100 ## - MAIN ENTRY--PERSONAL NAME
Personal name Malpas, Jeff
245 ## - TITLE STATEMENT
Title Rethinking Dwelling: Heidegger, Place, Architecture /
Statement of responsibility, etc. Jeff Malpas
260 ## - PUBLICATION, DISTRIBUTION, ETC.
Name of publisher, distributor, etc. London. Bloomsbury Academic. 2023
300 ## - PHYSICAL DESCRIPTION
Extent 256 pages : illustrations ; 23 cm
650 ## - SUBJECT ADDED ENTRY--TOPICAL TERM
Topical term or geographic name entry element Architecture—Philosophy — Heidegger, Martin—Influence — Architectural theory — Place (Philosophy) — Phenomenology and architecture
942 ## - ADDED ENTRY ELEMENTS (KOHA)
Source of classification or shelving scheme Dewey Decimal Classification
Koha item type English Book
Suppress in OPAC No
Holdings
Withdrawn status Lost status Source of classification or shelving scheme Damaged status Not for loan Home library Current library Date acquired Total Checkouts Full call number Barcode Date last seen Price effective from Koha item type
    Dewey Decimal Classification     CENTRAL TUWAIQ 03/08/2026   720.1 M34 2023 1000000027035 03/08/2026 03/08/2026 English Book